De hoy al ayer ... y viceversa /

Guardado en:
書目詳細資料
主要作者: Mora, Marlon
格式: Texto
主題:
標簽: 添加標簽
沒有標簽, 成為第一個標記此記錄!

MARC

LEADER 00000 a a2200000 04500
001 18552
003
040
100 |a Mora, Marlon  
245 |a De hoy al ayer ... y viceversa /  |c Marlon Mora 
650 |a CAMBIO DEMOGRAFICO  
650 |a JUVENTUD  
650 |a ANCIANOS  
650 |a LEGISLACION  
650 |a POLITICA GUBERNAMENTAL  
773 |g número 36; páginas 43-74  
999 |c 27047  |d 27047